Statystyki dla Nazwij kolory znając tylko ich pierwszą literę.

Kliknij tutaj aby rozwiązać quiz!

Ogólne statystyki

  • Ten quiz został rozwiązany 248 razy
  • Średni wynik to 20 z 40

Statystyki odpowiedzi

LetterOdpowiedź% Poprawnych
CCzarny
98%
BBiały
97%
NNiebieski
96%
BBrązowy
95%
ŻŻółty
94%
ZZielony
90%
CCzerwony
89%
SSzary
89%
FFioletowy
88%
RRóżowy
84%
PPomarańczowy
81%
TTurkusowy
79%
GGranatowy
72%
ŁŁososiowy
71%
BBeżowy
69%
BBłękitny
62%
SSrebrny
62%
ZZłoty
62%
MMorski
60%
FPupurowy
56%
BBordowy
49%
OOliwkowy
40%
FFuksja
39%
FFiołkowy
37%
IIndygo
35%
CCyjan
28%
KKarmazynowy
27%
SSiwy
27%
MMagenta
18%
RRudy
18%
WWiśniowy
16%
UUltramaryna
14%
OOrzechowy
12%
RRdzawy
12%
LLawenda
9%
SSzkarłatny
7%
KKasztanowy
6%
OOchra
5%
SSepia
3%
BBakłażanowy
1%

Rozkład punktacji

Percentyl według liczby udzielonych odpowiedzi

Procent ludzi z każdym wynikiem

Twoja historia wyników

Nie rozwiązałeś tego quizu